Estatísticas para Os 15 principais países com mortes por Covid19 - 11 de julho

Clique aqui para jogar o quiz

Estatísticas Gerais

  • Esse quiz foi jogado 6 vezes
  • A pontuação média é 10 de 19

Estatísticas das Respostas

país% Correto
Brasil
100%
Estados Unidos
100%
Itália
100%
Espanha
75%
Índia
75%
México
75%
Rússia
75%
Bélgica
50%
Chile
50%
França
50%
Irão
50%
Países Baixos
50%
Peru
50%
Reino Unido
50%
Suécia
50%
Alemanha
25%
Canadá
0%
Equador
0%
Irlanda
0%

Distribuição das Pontuações

Percentil de Números Respondidos

Porcentagem de Pessoas com Cada Pontuação

Sua Pontuação Histórica

Você não jogou esse quiz